000 00294nam a2200121Ia 4500
008 191201s2010 xx 000 0 und d
100 _aKumar,N
245 0 _aText book of Pharmacognosy
260 _bAITBS Pub.
_aNew Delhi
_c2010
300 _a407
650 _aPharmacognosy
942 _2ddc
_cBK
_06
999 _c8346
_d8346